| 000 | 01962nam a2200385 i 4500 | ||
|---|---|---|---|
| 001 | 194286 | ||
| 003 | ES-MaACL | ||
| 005 | 20250708195341.0 | ||
| 007 | ta | ||
| 008 | 240423s2024 sp ||||| |||| 00| 0 spa d | ||
| 017 | _aTO 16-2024 | ||
| 020 | _a9788419887245 | ||
| 040 |
_bspa _cES-MaACL |
||
| 100 | 0 |
_992379 _aPisonero del Amo, Isidoro _eaut |
|
| 245 | 1 | 0 |
_aJosé Hierro, llama entre la madera y la ceniza / _cIsidoro Pisionero del Amo |
| 264 | 1 |
_a[Toledo]: _bEditorial Ledoria, _c[2024] |
|
| 264 | 4 | _a@2024 | |
| 300 |
_a285 páginas ; _c21 cm |
||
| 336 |
_2rdacontent _atexto |
||
| 337 |
_2rdamedia _asin mediación |
||
| 338 |
_2rdacarrier _avolumen |
||
| 490 | 1 |
_aAteneo Científico y Lietrario de Toledo ; _v1 |
|
| 504 | _aBibliografía: páginas 205-285 | ||
| 520 | _aJosé Hierro (1922-2002) Cordial y reservado, generoso sin límites, poeta de la precisión y del ritmo, maestro de la ironía, sutil evocador de los efectos devastadores del paso del tiempo y de la presencia inevitable del pasado en nuestras vidas, defensor de la dignidad de lo humilde y efímero, José Hierro es una de las voces más significativas de la poesía española de posguerra. En la obra se analiza vida y sobre todo, obra del poeta. | ||
| 600 | 1 | 7 |
_2embne _963619 _aHierro, José, _d1922-2002 _xCritica e interpretación |
| 650 | 4 |
_916177 _aPoesía española- _yS.XX |
|
| 810 | 2 |
_aAteneo Científico y Literario de Toledo _9166582 _v1 |
|
| 852 |
_aES-MaACL _cDEPOJ _jN-9787 _gDedicatoria autógrafa del autor _hDonación: Isidoro Pisonero del Amo _9201859 _bR. 155011 _xEncuadernación rústica con solapas |
||
| 903 |
_992379 _aPisonero del Amo, Isidoro _ednr |
||
| 942 |
_n0 _cMONOGRAFIA |
||
| 999 |
_c194286 _d194286 |
||